| 000 | 02163nam a2200301 a 4500 | ||
|---|---|---|---|
| 001 | 000035760 | ||
| 003 | DO-SdBPM | ||
| 005 | 20260203061304.0 | ||
| 007 | ta | ||
| 008 | 111110s2011 dr a 001 0bspa d | ||
| 020 | _a9789945880601 | ||
| 040 |
_aDO-SdBPM _bspa _cBPMSU _drda |
||
| 082 | 4 |
_a920.71 _bC957d 2011 _222 |
|
| 100 | 1 |
_aDisla, Luis Fausto, _d1953- _eautor _4aut. |
|
| 245 | 1 | 0 |
_aVida y heroísmo del mártir dominicano Rufino de la Cruz : _b50 años después / _cLuis Fausto Disla. |
| 264 |
_aSanto Domingo : _bFG imagen arte-impresión, _c2011. |
||
| 300 |
_a148 páginas : _bilustraciones ; _c22 cm. |
||
| 336 |
_atexto _btxt _2rdacontent |
||
| 337 |
_asin mediación _bn _2rdamedia |
||
| 338 |
_avolumen _bnc _2rdacarrier |
||
| 500 | _aIncluye datos biográficos del autor en las solapas | ||
| 505 | 0 |
_aPrólogo / _rAlcibíades Cruz González -- _tIntroducción -- _tDatos biográficos -- _tFacetas desarrolladas por Rufino durante su corta vida -- _tDesarrollo socio político de Rufino y su formación ideológica -- _tLa membresía de Rufino dentro del Movimiento Político "El 14 de Junio" -- _tLas decisiones patriótricas tomadas por Rufino -- _tPlanificación y realización del viaje hacia Puerto Plata, aquel funesto viernes, 25 de noviembre de 1960 -- _tDescripción del horrendo crimen -- _tSituación en Conuco y Ojo de Agua por el retraso de su llegada -- _tReacciones de residentes en Santiago al difundirse la noticia del supuesto "accidente automovilístico" -- _tTraslados de los cadáveres desde Santiago a Salcedo sábado 26 de noviembre de 1960 -- _tEl velatorio de Rufino -- _tLo inesperado en el velatorio de Rufino -- _tEl sepelio de Rufino -- _tHechos significativos ocurridos en el seno de la familia de Rufino después de su asesinato -- _tEl aporte de Rufino a la democracia dominicana -- _tPersonalidades y parientes entrevistados -- _gAgradecimientos -- _gFuentes bibliográficas. |
|
| 590 | _aInventariado, 2026/VM | ||
| 600 | 1 | 7 |
_aCruz Disla, Rufino Antonio de la, _d1923-1960 |
| 650 | 7 |
_aHomicidio político _zRepública Dominicana _yEra de Trujillo, 1930-1961 |
|
| 910 | _aVMateo V. Control de la calidad BPMSU | ||
| 942 |
_2ddc _cBK |
||
| 999 |
_c15654 _d15654 |
||